000 00662nam a22002177a 4500
003 UA-OsUOA
001 83318
007 ta
008 20120409b un ||||| |||| 00| 0 ukr d
100 _aСливинський О.
090 _a82
_bС47
942 _cSA
040 _aUA-OsUOA
_bukr
_cUA-OsUOA
_dUA-OsUOA
245 _aБогдан-Ігор Антонич і польські поети-модерністи: літературний діалог у контексті епохи
300 _aС.74-83
955 _a0
041 _aukr
080 _a82
773 0 _w83311
650 7 _a82 Література. Літературознавство
_2UDC
999 _c369635
_d369635